000 00674nam a2200217 u 4500
005 20240228064045.0
008 121003s2006 r 000 0 eng d
020 _a8426119441
035 _aUPN01000186931
049 _aI
050 4 _aPZ71
_bO9.363
100 1 _aOxenbury, Helen,
_d1938-
_929786
245 1 0 _aEn el restaurante /
_cHelen Oxenbury ; tr. José Fernández Z.
260 _aBarcelona, Esp. :
_bJuventud,
_c2006.
300 _a[20] p. :
_bprincipalmente il. col.
440 0 _aMis primeros libros de imágenes
650 0 _aLiteratura infantil inglesa
_911046
650 4 _aLibros y lectura para niños
_92290
905 _aInfantil
999 _c159034
_d159034